[Event "Uljanovsk Cup"]
[Site "Uljanovsk"]
[Date "2009.12.20"]
[Round "9"]
[White "Alekseev, Evgeni"]
[Black "Zhdanov, Eduard"]
[Result "1-0"]
[WhiteElo "2121"]
[BlackElo "2034"]
[PlyCount "63"]
[EventDate "2009.12.05"]
[EventType "swiss"]
[EventRounds "9"]
[EventCountry "RUS"]
[SourceTitle "EXT 2012"]
[Source "ChessBase"]
[SourceDate "2011.11.24"]
[SourceVersion "1"]
[SourceVersionDate "2011.11.24"]
[SourceQuality "1"]

1. e4 e6 2. d3 d5 3. Nd2 Nf6 4. Ngf3 dxe4 5. dxe4 Bc5 6. Bd3 Nc6 7. a3 a6 8. 0-0 0-0 9. e5 Nd7 10. Qe2 Be7 11. c3 Re8 12. Bc2 Nf8 13. Ne4 Bd7 14. Bf4 Na5 15. a4 b5 16. Rfd1 Qc8 17. h4 Nc4 18. Bd3 Nb6 19. axb5 Nd5 20. Bg5 Bxg5 21. Nfxg5 h6 22. Qh5 hxg5 23. Nxg5 g6 24. Qh6 axb5 25. Rxa8 Qxa8 26. Ne4 Qd8 27. Bxb5 f5 28. exf6 Nxf6 29. Bxd7 Ng4 30. Qf4 Nxd7 31. Qxg4 Kg7 32. h5 1-0

[Event "Uljanovsk Cup"]
[Site "Uljanovsk"]
[Date "2009.12.13"]
[Round "6"]
[White "Alekseev, Evgeni"]
[Black "Markin, Igor1"]
[Result "1/2-1/2"]
[WhiteElo "2121"]
[BlackElo "2192"]
[PlyCount "39"]
[EventDate "2009.12.05"]
[EventType "swiss"]
[EventRounds "9"]
[EventCountry "RUS"]
[SourceTitle "EXT 2012"]
[Source "ChessBase"]
[SourceDate "2011.11.24"]
[SourceVersion "1"]
[SourceVersionDate "2011.11.24"]
[SourceQuality "1"]

1. e4 c5 2. Nc3 d6 3. Nge2 Nf6 4. g3 Nc6 5. Bg2 g6 6. 0-0 Bg7 7. d4 cxd4 8. Nxd4 Bg4 9. Nxc6 bxc6 10. Qd3 Qc8 11. Re1 0-0 12. Be3 Be6 13. Bd4 Rb8 14. Rab1 c5 15. Bxf6 Bxf6 16. Nd5 Bxd5 17. exd5 Rxb2 18. Rxb2 Bxb2 19. Rxe7 c4 20. Qe3 1/2-1/2

[Event "Uljanovsk Cup"]
[Site "Uljanovsk"]
[Date "2009.12.12"]
[Round "4"]
[White "Alekseev, Evgeni"]
[Black "Vasiliev, Semen"]
[Result "1-0"]
[WhiteElo "2121"]
[BlackElo "1631"]
[PlyCount "51"]
[EventDate "2009.12.05"]
[EventType "swiss"]
[EventRounds "9"]
[EventCountry "RUS"]
[SourceTitle "EXT 2012"]
[Source "ChessBase"]
[SourceDate "2011.11.24"]
[SourceVersion "1"]
[SourceVersionDate "2011.11.24"]
[SourceQuality "1"]

1. e4 c5 2. Nc3 Nf6 3. e5 Ng8 4. Bc4 Nc6 5. Nf3 Qc7 6. Qe2 e6 7. 0-0 Nge7 8. Nb5 Qb8 9. Nd6+ Kd8 10. Nxf7+ Ke8 11. Nxh8 h6 12. b3 g5 13. Ba3 Bg7 14. Bxc5 Bxe5 15. Nxe5 Nxe5 16. Qh5+ Kf8 17. Qxh6+ Ke8 18. Qxg5 d6 19. Bd4 b5 20. Bxe5 dxe5 21. Bd3 Bb7 22. Bxb5+ Bc6 23. Bxc6+ Nxc6 24. Qg8+ Kd7 25. Qxb8 Rxb8 26. Ng6 1-0

[Event "Uljanovsk Bagirov Memorial"]
[Site "Uljanovsk"]
[Date "2007.08.12"]
[Round "1"]
[White "Mikeev, Valery"]
[Black "Alekseev, Evgeni"]
[Result "0-1"]
[WhiteElo "1906"]
[BlackElo "2122"]
[PlyCount "74"]
[EventDate "2007.08.12"]
[EventType "swiss"]
[EventRounds "9"]
[EventCountry "RUS"]
[SourceTitle "EXT 2009"]
[Source "ChessBase"]
[SourceDate "2008.11.26"]
[SourceVersion "1"]
[SourceVersionDate "2008.11.26"]
[SourceQuality "1"]

1. e4 c5 2. Nc3 Nc6 3. Nge2 g6 4. d4 cxd4 5. Nxd4 Bg7 6. Be3 Nf6 7. Bc4 Qa5 8. f3 Qb4 9. Bb3 Nxe4 10. Nxc6 Bxc3+ 11. bxc3 Qxc3+ 12. Ke2 dxc6 13. Bd4 b6 14. Bxc3 Nxc3+ 15. Kf2 Nxd1+ 16. Raxd1 Bb7 17. Rd2 a5 18. a3 a4 19. Ba2 Bc8 20. Rhd1 0-0 21. Rd8 Rxd8 22. Rxd8+ Kg7 23. Ke3 Kf6 24. g4 Bb7 25. Rd7 Bc8 26. g5+ Kxg5 27. Rxe7 Bf5 28. Bxf7 Bxc2 29. Be8 Kf6 30. Bxc6 Rc8 31. Bd7 Rc3+ 32. Kd2 Kxe7 33. Kxc3 Kxd7 34. Kxc2 Kc6 35. Kc3 Kc5 36. f4 h5 37. h4 b5 0-1

[Event "Uljanovsk Petrosian Memorial op"]
[Site "Uljanovsk"]
[Date "2007.06.19"]
[Round "5"]
[White "Alekseev, Evgeni"]
[Black "Triapkin, Pavel"]
[Result "0-1"]
[WhiteElo "2115"]
[BlackElo "2324"]
[PlyCount "64"]
[EventDate "2007.06.16"]
[EventType "swiss"]
[EventRounds "9"]
[EventCountry "RUS"]
[SourceTitle "EXT 2022"]
[Source "ChessBase"]
[SourceDate "2021.10.06"]
[SourceVersion "1"]
[SourceVersionDate "2021.10.06"]
[SourceQuality "1"]

1. e4 c5 2. Nf3 d6 3. d4 cxd4 4. Nxd4 Nf6 5. Nc3 a6 6. Bc4 e5 7. Nf3 Be7 8. Bg5 Nbd7 9. Qe2 b5 10. Bb3 0-0 11. Bxf6 Nxf6 12. Rd1 Qc7 13. Nd5 Nxd5 14. Bxd5 Rb8 15. 0-0 Kh8 16. c4 b4 17. h3 Bd8 18. b3 Qe7 19. Rd3 Bb6 20. Kh1 Bc5 21. g4 a5 22. Nd2 Be6 23. f4 exf4 24. Rxf4 Bxd5 25. Rxd5 a4 26. Rh5 Ra8 27. g5 g6 28. Rfh4 gxh5 29. Qxh5 f5 30. g6 axb3 31. Nxb3 f4 32. e5 Qb7+ 0-1

[Event "Uljanovsk-ch"]
[Site "Uljanovsk"]
[Date "2007.03.24"]
[Round "11"]
[White "Alekseev, Evgeni"]
[Black "Balashov, Vladimir"]
[Result "1/2-1/2"]
[WhiteElo "2133"]
[BlackElo "2278"]
[PlyCount "24"]
[EventDate "2007.03.10"]
[EventType "tourn"]
[EventRounds "11"]
[EventCountry "RUS"]
[SourceTitle "EXT 2008"]
[Source "ChessBase"]
[SourceDate "2007.11.25"]
[SourceVersion "1"]
[SourceVersionDate "2007.11.25"]
[SourceQuality "1"]

1. Nf3 d5 2. c4 c6 3. b3 Nf6 4. Bb2 Bf5 5. d3 Nbd7 6. g3 e6 7. Bg2 Bd6 8. Nbd2 Qe7 9. 0-0 Ba3 10. Qc1 Bxb2 11. Qxb2 0-0 12. Rfe1 h6 1/2-1/2

[Event "Uljanovsk U18"]
[Site "Uljanovsk"]
[Date "2006.12.26"]
[Round "9"]
[White "Alekseev, Evgeni"]
[Black "Chikunov, Anatoliy"]
[Result "1-0"]
[WhiteElo "2133"]
[BlackElo "2008"]
[PlyCount "77"]
[EventDate "2006.12.18"]
[EventType "tourn"]
[EventRounds "11"]
[EventCountry "RUS"]
[SourceTitle "EXT 2019"]
[Source "ChessBase"]
[SourceDate "2018.10.10"]
[SourceVersion "1"]
[SourceVersionDate "2018.10.10"]
[SourceQuality "1"]

1. e4 d6 2. d4 g6 3. Nc3 Bg7 4. Be2 Nf6 5. Bg5 0-0 6. Qd2 c6 7. h4 h5 8. 0-0-0 Na6 9. f3 Nc7 10. Nh3 b5 11. Nf2 Ne6 12. Be3 Qa5 13. a3 Ba6 14. Kb1 Qc7 15. g4 c5 16. dxc5 dxc5 17. gxh5 Nxh5 18. Nd5 Qb7 19. Rdg1 Rfd8 20. f4 b4 21. Bxa6 Qxa6 22. axb4 cxb4 23. f5 Nf8 24. Nxe7+ Kh7 25. Nd5 Rab8 26. fxg6+ fxg6 27. Qd3 Qe6 28. Nh3 Qe5 29. Ng5+ Kg8 30. Qb3 Rxd5 31. Qxd5+ Qxd5 32. exd5 a5 33. Ne6 Nxe6 34. dxe6 Kh7 35. Bg5 a4 36. Rd1 a3 37. Rd8 Rb6 38. e7 Ra6 39. e8Q 1-0

[Event "Uljanovsk U18"]
[Site "Uljanovsk"]
[Date "2006.12.23"]
[Round "4"]
[White "Goncharov, Evgeniy"]
[Black "Alekseev, Evgeni"]
[Result "0-1"]
[WhiteElo "1902"]
[BlackElo "2133"]
[PlyCount "106"]
[EventDate "2006.12.18"]
[EventType "tourn"]
[EventRounds "11"]
[EventCountry "RUS"]
[SourceTitle "EXT 2019"]
[Source "ChessBase"]
[SourceDate "2018.10.10"]
[SourceVersion "1"]
[SourceVersionDate "2018.10.10"]
[SourceQuality "1"]

1. Nf3 d5 2. d4 e6 3. Bg5 f6 4. Bh4 c5 5. e3 Qb6 6. Nbd2 Nc6 7. dxc5 Qxb2 8. Rb1 Qc3 9. Bb5 Qxc5 10. 0-0 a6 11. Bxc6+ bxc6 12. e4 Bd6 13. e5 Be7 14. Bg3 f5 15. Nb3 Qa7 16. Na5 Qc7 17. Qd2 Bd8 18. Nb3 c5 19. Bh4 Bxh4 20. Nxh4 Ne7 21. Rfe1 0-0 22. Qg5 d4 23. Nd2 Bb7 24. Nc4 Be4 25. Nd6 Rab8 26. Rbc1 Bd5 27. Qg3 c4 28. Nf3 Bxf3 29. Qxf3 c3 30. Qd3 Qc5 31. Qxa6 Ra8 32. Qb7 Ra7 33. Qf3 Rxa2 34. h4 Nc6 35. Qf4 Rb8 36. g4 d3 37. cxd3 Rbb2 38. Rf1 Rb4 39. Nc4 Nd4 40. Rce1 Ne2+ 41. Rxe2 Rxe2 42. gxf5 exf5 43. Qxf5 Rb8 44. Qe6+ Kh8 45. Nd6 h6 46. Qg6 Rf8 47. Nf7+ Rxf7 48. Qxf7 Qxe5 49. Qf3 c2 50. Kg2 Qe8 51. Ra1 Qg6+ 52. Kf1 Rd2 53. Rc1 Rxd3 0-1

[Event "Uljanovsk U18"]
[Site "Uljanovsk"]
[Date "2006.12.18"]
[Round "1"]
[White "Prihodko, Ilja"]
[Black "Alekseev, Evgeni"]
[Result "1/2-1/2"]
[WhiteElo "1950"]
[BlackElo "2133"]
[PlyCount "34"]
[EventDate "2006.12.18"]
[EventType "tourn"]
[EventRounds "11"]
[EventCountry "RUS"]
[SourceTitle "EXT 2019"]
[Source "ChessBase"]
[SourceDate "2018.10.10"]
[SourceVersion "1"]
[SourceVersionDate "2018.10.10"]
[SourceQuality "1"]

1. e4 Nf6 2. Nc3 d5 3. exd5 Nxd5 4. Nxd5 Qxd5 5. Nf3 e5 6. d4 exd4 7. Qxd4 Be6 8. Qxd5 Bxd5 9. Be2 Nc6 10. a3 0-0-0 11. Be3 a6 12. 0-0-0 Be7 13. Rhe1 h6 14. g3 Bf6 15. Nd4 Nxd4 16. Bxd4 Bxd4 17. Rxd4 Be6 1/2-1/2

[Event "Uljanovsk Petrosian Memorial op"]
[Site "Uljanovsk"]
[Date "2006.06.04"]
[Round "5"]
[White "Saveliev, Dmitri"]
[Black "Alekseev, Evgeni"]
[Result "1/2-1/2"]
[WhiteElo "1982"]
[BlackElo "2164"]
[PlyCount "54"]
[EventDate "2006.05.27"]
[EventType "swiss"]
[EventRounds "9"]
[EventCountry "RUS"]
[SourceTitle "EXT 2008"]
[Source "ChessBase"]
[SourceDate "2007.11.25"]
[SourceVersion "1"]
[SourceVersionDate "2007.11.25"]
[SourceQuality "1"]

1. e4 c5 2. f4 d5 3. exd5 Nf6 4. Bb5+ Bd7 5. Bxd7+ Qxd7 6. c4 e6 7. Qe2 Bd6 8. d3 0-0 9. dxe6 fxe6 10. Nf3 Nc6 11. 0-0 Rae8 12. Nc3 a6 13. Ne4 Nxe4 14. Qxe4 e5 15. Ng5 g6 16. Qd5+ Kg7 17. Ne4 Rd8 18. Bd2 Qe7 19. Nxd6 Qxd6 20. Qxd6 Rxd6 21. fxe5 Rxf1+ 22. Rxf1 Rxd3 23. Bc3 Nd4 24. e6 Re3 25. Rf7+ Kg8 26. Bxd4 cxd4 27. Rxb7 Rxe6 1/2-1/2